Statistics for Friends Characters and their Relationships

Click here to take the quiz!

General Stats

  • This quiz has been taken 333 times
  • The average score is 31 of 66

Answer Stats

HintAnswer% Correct
ChandlerMonica
96%
RossRachel
93%
JoeyRachel
93%
ChandlerJanice
92%
RossJanice
92%
MonicaChandler
88%
PhoebeMike
88%
MonicaRichard
88%
RachelRoss
86%
RossEmily
77%
RossCarol
75%
PhoebeDavid
74%
ChandlerKathy
72%
JoeyKathy
72%
MonicaPaul
72%
RachelPaul
72%
RossMona
67%
RachelJoey
65%
RachelPaolo
65%
RossJulie
64%
RachelTag
62%
RachelJoshua
59%
MonicaPete
59%
RossCharlie
58%
JoeyCharlie
58%
RachelBarry
57%
RossElizabeth
56%
JoeyJanine
56%
MonicaFun Bobby
55%
PhoebeGary
52%
RossBonnie
48%
PhoebeParker
41%
RachelGavin
38%
JoeyKate
37%
ChandlerMary Angela
37%
JoeyKatie
36%
MonicaChip
35%
RachelRuss
35%
PhoebeEric
32%
MonicaEthan
32%
ChandlerAurora
31%
PhoebeJason
31%
JoeyUrsula
31%
RossChloe
30%
MonicaAllen
29%
RachelDanny
29%
MonicaJulio
27%
ChandlerJoanna
26%
PhoebeRoger
26%
PhoebeVince
26%
RossJill
25%
MonicaTimothy
25%
RachelTommy
24%
ChandlerSusie
23%
ChandlerGinger
22%
PhoebeRob
22%
JoeyErin
19%
PhoebeRyan
19%
RossCheryl
17%
JoeyMelanie
16%
JoeyLauren
15%
PhoebeJim
14%
PhoebeRobert
14%
PhoebeSergei
14%
PhoebeMalcolm
11%
JoeyCecilia
7%

Score Distribution

Percentile by Number Answered

Percent of People with Each Score

Your Score History

You have not taken this quiz